| 000 | 00000nam##2200000za#4500 |
| 001 | 9.661880 |
| 003 | CaOODSP |
| 005 | 20250128101703 |
| 007 | ta |
| 008 | 150407|2000||||xxc||||| f|0| 0 fre|d |
| 020 | |a0-662-64992-3 |
| 040 | |aCaOODSP|bfre |
| 041 | |aeng |
| 041 | |afre |
| 043 | |an-cn--- |
| 086 | 1 |aSF31-47/2000 |
| 110 | 1 |aCanada. |bBureau du Commissaire aux langues officielles. |
| 245 | 10|aLes langues officielles dans le système sportif canadien : |bVolume 1 |
| 260 | |aOttawa - Ontario : |bCommissariat aux langues officielles |c2000. |
| 300 | |aTexte français, iv, 53p. : |bgraphique, organigramme, tableaux ; |c28 cm. |
| 500 | |a«La présente étude visait à déterminer si les Canadiens de langue française et de langue anglaise avaient des chances égales d'atteindre les plus haut niveaux du sport amateur. A cette fin, nous avons examiné la structure et l'historique des organismes de sport au Canada. Grâce à des entrevues et à un sondage auprès des athlètes, nous avons cherché à voir si l'actuel système sportif satisfaisait les besoins linguistiques de ces derniers.»--Page 3. |
| 520 | 3 |aLa présente étude visait à déterminer si les Canadiens de langue française et de langue anglaise avaient des chances égales d'atteindre les plus haut niveaux du sport amateur. A cette fin, nous avons examiné la structure et l'historique des organismes de sport au Canada. Grâce à des entrevues et à un sondage auprès des athlètes, nous avons cherché à voir si l'actuel système sportif satisfaisait les besoins linguistiques de ces derniers.--Page 3 |
| 546 | |aBilingue |
| 563 | |aCouverture souple |
| 590 | |a00-42|b2000-10-20 |
| 691 | 07|aSport|2gcpds |
| 691 | 07|aLangue officielle|2gcpds |
| 691 | 07|aÉgalité des chances|2gcpds |
| 776 | 0#|tLes langues officielles dans le système sportif canadien. Volume n° 1 |w(CaOODSP)9.630381 |
| 776 | 0#|tOfficial languages in the Canadian sports system. Volume 1 |w(CaOODSP)9.685795 |
| 791 | |tOfficial languages in the Canadian sport system : |eeng|w(CaOODSP)9.661879 |